000 00857cam a22001814a 4500
005 20250605163938.0
008 250528s ||||||||||||||||||||||||d
035 _a14941
040 _aGR-AtMCL
_bgre
_dGR-AtMCL
_eAACR2
245 1 _aSystems Analysis in Business
300 _a214
520 _aThe Work of the Systems Analyst, The Assignment Brief and Initial Investigation, The Feasibility Study, The Approach to Systems Design, Data Collection and Preparation, Designing File Systems and Magnetic Tape, Designing File Systems and Dirrect Access, On-Line and Real Time Systems, Control of Systems Development, Documentation in the Systems Department, Installing and Monitoring a System, Introducing Change, Bibliography, Index.
700 1 _aGraham John L
_9752
942 _cBK
260 _bGeorge Allen & Unwin Ltd
999 _c550
_d550